Gniezno - quiz wielokrotnego wyboru - Statystyki

Ogólne statystyki
  • Ten quiz został rozwiązany 632 razy
    622 od ostatniego zresetowania
  • Średni wynik to 7 z 10
Statystyki odpowiedzi
Zagadnienie Odpowiedź % Poprawnych
Kto według legendy o trzech braciach, założył Gniezno? Lech
93%
Historia jakiego świętego jest przedstawiona na drzwiach katedry gnieźnieńskiej? Św. Wojciecha
90%
Za władzy, którego księcia Gniezno stało się stolicą księstwa Polan? Mieszko I
81%
Które z tych muzeów znajduje się w Gnieźnie? Muzeum Początków Państwa Polskiego
79%
Który władca przeniósł stolicę Polski z Gniezna do Krakowa? Kazimierz I Odnowiciel
77%
Jaki władca przybył do Gniezna na Zjazd Gnieźnieński w 1000 roku? Otton III - Cesarz Świętego Cesarstwa Rzymskiego
73%
Jak się nazywa aktualny prymas Polski, którego siedzibą jest Gniezno? Wojciech Polak
67%
Który herb jest herbem Gniezna?
60%
Która z podanych osób NIE urodziła się w Gnieźnie? Mariusz Błaszczak
37%
W której dyscyplinie sportowej, sportowcy z Gniezna wielokrotnie zdobywali mistrzostwo Polski? Hokeju na trawie
36%
Nie znaleziono quizów pasujących do podanych kryteriów
Rozkład punktacji
Procent ludzi z każdym wynikiem
Percentyl według liczby udzielonych odpowiedzi
Twoja historia wyników
Nie rozwiązałeś tego quizu od ostatniego zresetowania